| 000 | 00967nam a2200229Ia 4500 | ||
|---|---|---|---|
| 999 |
_c54767 _d54767 |
||
| 001 | 21835 | ||
| 003 | GE_BSU | ||
| 005 | 20220525173644.0 | ||
| 008 | 181216s ||||ge |||||||||||||| ||geo|| | ||
| 020 | _a99928-28-93-5 | ||
| 040 | _cGE_BSU | ||
| 041 | _ageo | ||
| 080 | _a821.353.1-8(075.3) მ-97 | ||
| 245 |
_aმშობლიური ენა : _bმე-4 კლასი / _cვახტანგ როდონაია, ლალი ვაშაკიძე, დარეჯან კახიანი და სხვ. ; მხატვ. მაკა სიამაშვილი. |
||
| 264 |
_aთბილისი : _bსაქართველოს მაცნე, _c2004. |
||
| 300 |
_a160 გვ. ; _c26 სმ. |
||
| 541 | _h8 ლ. | ||
| 653 | _aმშობლიური ენა | ||
| 653 | _aმე-4 კლასი | ||
| 700 |
_aსიამაშვილი, მაკა _eმხატვარი _913856 |
||
| 942 |
_cBK _2udc |
||